| 000 | 00385nam a2200145Ia 4500 | ||
|---|---|---|---|
| 008 | 231129s1992||||xx |||||||||||||| ||spa|| | ||
| 020 | _a84-305-6178-1 | ||
| 040 | _bspa | ||
| 082 | _a(i) 863 C745c | ||
| 100 | _aConde Carmen | ||
| 245 | 0 | _aCanciones de nana y desvelo | |
| 260 | _c1992 | ||
| 264 | _aMadrid EspaƱa : Susaeta | ||
| 942 |
_2ddc _cBKS |
||
| 999 |
_c6563 _d6563 |
||